000 00813cam a2200253 4500
008 090401t1984 xxu||||| |||| 00| 0 eng d
020 _a0117517690
035 _a(Sirsi) u9085
041 _aeng
110 _aUnited Kingdom
_bDepartment of the Environment
_9982
245 4 _aThe Housing Defects (Prefabricated Reinforced Concrete Dwellings) (England and Wales) Designations 1984
260 _bHMSO
_c1984
300 _a51p
350 _a0
490 _aDoE Circular
520 _aContains as annexes information on all types of prc houses designated as defective.
650 _aHOUSING DEFECTS ACT 1984
650 _aPRC HOUSES
650 _aPREFABRICATED REINFORCED CONCRETE HOUSES
690 _aBUILT ENVIRONMENT-BUILDING PATHOLOGY
690 _aHOUSING
942 _n0
948 _c04/03/1997
999 _c86596
_d86596